| 000 | 00850nam a2200265 a 4500 | ||
|---|---|---|---|
| 001 | vtls000968940 | ||
| 003 | NLI | ||
| 005 | 20210627095143.0 | ||
| 008 | 120112s1850 enk 000 0 eng | ||
| 039 | 9 |
_y201201121806 _zEntertech_02 |
|
| 040 | 0 |
_aNLI _beng _cEntertech-FY 2010 _eAACR2 |
|
| 041 | 0 | _aeng | |
| 044 | _aenk | ||
| 084 | _a98.C.53 | ||
| 100 | 1 |
_aGoodsir, Robert Anstruther _9909552 |
|
| 245 | 1 | 3 |
_aAn arctic voyage to Baffin's bay and Lancaster sound, in search of friends with Sir John Franklin / _cby Robert Anstruther Goodsir |
| 260 |
_aLondon : _bJohn Van Voorst, _c1850 |
||
| 300 |
_aviii, 152 p. ; _c18 cm. |
||
| 600 | 0 | 0 |
_aFranklin, John, _cSir, _d1786-1847 _9775155 |
| 650 | 0 |
_aArctic regions _9908102 |
|
| 887 | _a | ||
| 901 |
_aIMP54818 : _b18.08.2010 |
||
| 902 | _a98.C.53 | ||
| 999 |
_aVIRTUA _c793129 _d793129 |
||
| 942 |
_2ddc _cBKS |
||